000 00385nam a2200157Ia 4500
003 0STCL
008 150530s9999 xx 000 0 und d
040 _aSTCL
_cSTCL
100 _aUniversity Grand Commission
245 _aUniversity Grants Commission Report for the 1983-84
260 _c1984
546 _aEnglish
942 _2ddc
_cBK
999 _c15154
_d15154
005 20220125165725.0